[Event "Aeroflot Open 2017"]
[Site "Moscow"]
[Date "2017.02.23"]
[Round "3"]
[White "Najer, Evgeniy"]
[Black "Alekseenko, Kirill"]
[Result "1-0"]
[WhiteElo "2659"]
[BlackElo "2588"]
[Annotator "TA"]
[PlyCount "85"]
[EventDate "2017.??.??"]

1. d4 Nf6 2. c4 e6 3. g3 c5 4. d5 exd5 5. cxd5 d6 6. Nc3 g6 7. Bg2 Bg7 8. Nf3
O-O 9. O-O Nbd7 10. Bf4 Qe7 11. a4 b6 12. Re1 Ng4 13. Bg5 $36 {White is
pushing.} Bf6 14. Bxf6 Qxf6 15. h3 Nge5 16. Nd2 Ba6 17. Nb5 Bxb5 18. axb5 g5
19. Qc2 Rfe8 20. Ra3 Ng6 21. e3 Nde5 (21... Ne7 $142 22. Rea1 Nc8) 22. Rea1 g4
23. Rxa7 Rxa7 24. Rxa7 h5 25. h4 Nf3+ 26. Nxf3 gxf3 27. Bh3 Re5 28. Qc4 Re8 29.
Qc3 Re5 30. e4 Kg7 31. Ra8 Ne7 32. Ra4 Ng6 33. Kh2 Re8 34. Bd7 ({Better is} 34.
Qc2 $16) 34... Rd8 {Hoping for ...Qxc3.} 35. Bf5 Ne5 36. Qe3 Qh6 37. Qf4 Nd3
38. Qxf3 Qd2 (38... Nxb2 $2 39. Ra2 $18) 39. Kg1 ({White should play} 39. Ra3
$16 Nxf2 40. Kg1 (40. Qxh5 $2 Nxe4+ 41. Kh1 Qc1+ 42. Kh2 Qxb2+ 43. Kh3 Qxa3 $19
)) 39... Nxf2 $2 (39... Qc1+ $11 40. Kh2 Qd2) 40. Ra7 $18 {Threatening mate
with Rxf7+!} ({Less strong is} 40. Qxh5 Nd3 $16) 40... Nd3 {[#]} 41. Rxf7+ $1 {
White mates.} ({Worse is} 41. Qxh5 Qc1+ 42. Kh2 Qxb2+ 43. Kh1 Qc1+ 44. Kh2 Qd2+
45. Kh3 Nf2+ 46. Kh2 Ng4+ 47. Kh3 Nf2+ 48. Kh2 Ng4+ 49. Kh3 Nf2+ $11) 41...
Kxf7 42. Qxh5+ Kg8 43. Qh7+ {A strange result} 1-0

[Event "Aeroflot Open 2017"]
[Site "Moscow"]
[Date "2017.02.23"]
[Round "3"]
[White "Artemiev, Vladislav"]
[Black "Tari, Aryan"]
[Result "1/2-1/2"]
[WhiteElo "2655"]
[BlackElo "2596"]
[Annotator "TA"]
[PlyCount "95"]
[EventDate "2017.??.??"]

1. Nf3 Nf6 2. g3 g6 3. Bg2 Bg7 4. d4 d5 5. O-O O-O 6. c3 Nbd7 7. Bf4 c5 8. Nbd2
b6 {LiveBook: 6 Games} 9. a4 Nh5 10. Be3 Bb7 11. a5 Qc7 12. Qa4 Rfc8 13. b4 {
Threatening a6.} cxb4 14. a6 Bc6 15. Qxb4 e6 16. Rfc1 b5 17. Ne1 Nb6 18. Bf3
Nf6 19. Bf4 Qd8 20. Nb3 {[#]} (20. Qb1 $11 {keeps the balance.}) 20... Bf8 $1
$17 21. Qa5 Ne4 22. Nd3 Na4 (22... g5 $15 23. Bd2 Be8) 23. Ne5 {Strongly
threatening Qxd8.} Qxa5 24. Nxa5 Be8 25. c4 bxc4 26. Bxe4 $1 dxe4 27. Nexc4 (
27. Rxc4 Nc3 28. e3 Bb5 29. Rxc8 Rxc8 $17) 27... Bb5 28. e3 Bb4 (28... Nb6 $15
29. Nd6 Rxc1+ 30. Rxc1 Bxd6 31. Bxd6 Bxa6) 29. Rcb1 $11 Bc3 (29... Bxc4 $2 30.
Nxc4 (30. Rxb4 Nb6 $16) (30. Rxa4 Bxa5 31. Rxa5 Bd3 $11) 30... Nc3 31. Rxb4 $18
) 30. Nd6 Bxa1 31. Nxc8 (31. Rxb5 $11 Rc1+ 32. Kg2) 31... Bb2 $1 $15 ({Worse is
} 31... Rxc8 32. Rxb5 Nb6 33. Rc5 $18) 32. Nd6 (32. Nc6 $15) 32... Bd3 $36 {
Black is really pushing.} ({Not} 32... Bxa6 33. Nac4 (33. Nxe4 Bd3 34. Nf6+ Kg7
$11) 33... Rb8 34. Nxe4 $14 (34. Nxb2 Rxb2 35. Rxb2 Nxb2 $11)) 33. Nc6 Kg7 34.
Re1 f6 {...g5 is the strong threat.} 35. g4 Nc3 36. g5 fxg5 37. Bxg5 h6 38. Bh4
Bxa6 39. Nd8 $2 ({White should try} 39. Ne5 $15) 39... g5 $19 40. Nxe6+ {[#]}
Kf6 ({Black should play} 40... Kg6 $1 $17 41. Bg3 Bd3) 41. Nc7 $11 {Hoping for
Bg3.The position is equal.} Rd8 42. Bg3 $1 Bd3 {aiming for ...Ne2+.} (42...
Ne2+ $5 43. Kg2 $8 Nxg3 44. Nxa6 Rxd6 $11) 43. Nb7 Rc8 {Threatens to win with .
..Ne2+.} 44. Kg2 Bc4 45. Be5+ Ke7 $1 46. Nc5 Kf7 47. Nb7 Ke7 48. Nc5 1/2-1/2

[Event "Aeroflot Open 2017"]
[Site "Moscow"]
[Date "2017.02.23"]
[Round "3"]
[White "Iturrizaga Bonelli, Eduardo"]
[Black "Moskalenko, Alexander"]
[Result "1-0"]
[WhiteElo "2652"]
[BlackElo "2488"]
[Annotator "TA"]
[PlyCount "73"]
[EventDate "2017.??.??"]

1. d4 Nf6 2. Nf3 e6 3. c4 d5 4. g3 dxc4 5. Bg2 Bd7 6. Ne5 Bc6 7. Nxc6 Nxc6 8.
O-O Qd7 9. e3 Rd8 10. Qe2 e5 11. Nc3 Be7 12. Rd1 {Black must now prevent dxe5.}
exd4 {aiming for ...d3.} 13. Qxc4 O-O 14. Bxc6 Qxc6 15. Qxc6 (15. Rxd4 Qxc4 16.
Rxc4 c6 $15) 15... bxc6 16. Rxd4 Rxd4 17. exd4 Nd5 18. Bd2 Nxc3 19. Bxc3 $11 {
Endgame KRB-KRB} Bd6 20. Ba5 Rb8 21. b4 Rb5 (21... Kf8 $11) 22. a3 $16 Kf8 23.
Rc1 Ke8 24. Rxc6 Kd7 25. Ra6 Kc8 {[#]} (25... Rd5 $14) 26. a4 $1 (26. Rxa7 Kb8
27. Ra6 Kb7 28. Rxd6 cxd6 $17) 26... Rd5 {[#]} 27. b5 $1 (27. Rxa7 $6 Rxd4 28.
Ra8+ Kd7 $11) 27... Rxd4 28. Bc3 ({Much weaker is} 28. Rxa7 $6 Rxa4 29. b6 cxb6
30. Bxb6 Rxa7 31. Bxa7 f6 $11) 28... Rd1+ 29. Kg2 Bc5 30. Bxg7 Rd2 (30... Rd6 {
might work better.}) 31. Rf6 $18 Ra2 32. Rf4 h5 (32... Kd7 $142 33. Rxf7+ Ke6)
33. h4 ({Don't take} 33. Rxf7 Bb6 34. Rf4 Be3 $18) 33... Bb6 34. g4 (34. Rxf7
Rxa4 35. f4 Ra2+ 36. Kh3 Rd2 $18) 34... hxg4 (34... Bxf2 $142 35. Rxf2 Rxa4 36.
Rxf7 Rxg4+ 37. Kh3 Rg1) 35. h5 ({Less strong is} 35. Rxg4 Rxf2+ 36. Kh3 Rf3+
37. Kg2 Rf2+ 38. Kg3 Rf1 $14) 35... g3 36. Kxg3 Ra1 37. Kg2 (37. Bxa1 $142 Bc5
38. h6 Kb7 39. h7 Kb6 40. h8=Q Kb7 41. Rxf7 a6 42. Qh1+ Kb6 43. Qc6+ Ka5 44.
Qxc5 Kxa4 45. Rf3 axb5 46. Ra3#) 1-0

[Event "Aeroflot Open 2017"]
[Site "Moscow"]
[Date "2017.02.23"]
[Round "3"]
[White "Berkes, Ferenc"]
[Black "Narayanan, Srinath"]
[Result "1/2-1/2"]
[WhiteElo "2648"]
[BlackElo "2474"]
[Annotator "TA"]
[PlyCount "47"]
[EventDate "2017.??.??"]

1. d4 Nf6 2. Nf3 e6 3. Bg5 c5 4. e3 cxd4 5. exd4 b6 6. Bd3 Bb7 7. O-O Be7 8. c4
{LiveBook: 11 Partien} d5 9. Bxf6 Bxf6 (9... gxf6 $6 10. Nc3 $16) 10. cxd5 Bxd5
11. Nc3 Nc6 12. Nxd5 Qxd5 13. Re1 O-O (13... Nxd4 $2 14. Be4 Qc5 15. Bxa8 $18)
14. Be4 Qd6 15. Ne5 Nxd4 16. Ng4 Rad8 $1 {Die Stellung ist ausgeglichen.} 17.
Nxf6+ gxf6 18. Qh5 {[#]} f5 19. Qg5+ Kh8 {Und weiter mit ...f6 wäre nett.} 20.
Qf6+ Kg8 21. Re3 Ne2+ $1 ({Jedoch nicht} 21... fxe4 $2 22. Rg3+ (22. Rxe4 Rfe8
23. Rg4+ Kf8 24. Qh6+ Ke7 25. Qh4+ Kf8 26. Qh6+ Ke7 27. Qh4+ Kf8 28. Qh6+ $11)
22... Qxg3 23. hxg3 $18 (23. fxg3 Rd5 $16)) 22. Rxe2 {[#] Und Lf3 würde nun
gewinnen.} fxe4 23. Qg5+ Kh8 24. Qf6+ 1/2-1/2

[Event "Aeroflot Open 2017"]
[Site "Moscow"]
[Date "2017.02.23"]
[Round "3"]
[White "Gupta, Abhijeet"]
[Black "Gordievsky, Dmitry"]
[Result "1/2-1/2"]
[WhiteElo "2645"]
[BlackElo "2564"]
[Annotator "TA"]
[PlyCount "110"]
[EventDate "2017.??.??"]

1. d4 Nf6 2. c4 d6 3. Nc3 {??.} Bf5 4. Nf3 g6 5. h3 Ne4 6. Nxe4 Bxe4 7. Nd2 Bf5
8. e4 Bd7 9. d5 Bg7 10. Be2 a5 11. Rb1 a4 12. O-O Na6 13. b4 axb3 $1 14. axb3
Nb4 15. Bb2 Bxb2 16. Rxb2 c5 17. dxc6 bxc6 18. Nf3 Qa5 19. Qd2 f6 20. Qh6 {
Qg7 is the strong threat.} Kf7 21. Rd2 Ra7 22. e5 dxe5 23. Nh4 $1 {Threatens
to win with Nxg6!} Qd8 24. Bh5 (24. Rfd1 $14 Qe8 25. Kh2) 24... Qg8 25. Rfd1 $1
$36 {White has compensation. White is pushing.} Be8 (25... Bxh3 $14 26. Rd8 Qg7
27. Bxg6+ hxg6 28. Rxh8 Qxh6 29. Rxh6 Bf5) 26. Rd8 ({White has to play} 26. Qe3
$1 $16 Ra3 27. Be2) 26... Qg7 $2 (26... gxh5 $11 27. Qxh5+ Ke6 28. Qf5+ Kf7 29.
Qh5+ Ke6 30. Qf5+ Kf7 31. Qh5+) 27. Qe3 $18 Rb7 28. Nf5 Qf8 29. Nh6+ Kg7 30.
Nf5+ Kf7 $1 31. Ra8 Nc2 32. Qe2 Nd4 (32... gxh5 $2 33. Qxh5+ Ke6 {[#]} 34. Rxe8
$1 $18) 33. Nxd4 exd4 34. Rxd4 (34. Bf3 $1 $16) 34... e5 $1 $14 35. Rdd8 Qc5 $2
(35... Rxb3 $2 36. Rxe8 Qxe8 37. Rxe8 Rxe8 38. Bf3 $18) (35... Re7 $1 $14) 36.
Qd1 (36. Bf3 $18 {has better winning chances.}) 36... Re7 (36... gxh5 $2 37.
Qxh5+ Kg7 38. Rxe8 Rxe8 39. Qxe8 $18 (39. Rxe8 Qd4 $16)) (36... Qe7 $16) 37.
Be2 $18 e4 38. Rab8 (38. Qd2 $18) 38... e3 39. f4 Rf8 (39... Qf5 $16) 40. b4
Qf5 {[#]} 41. Qd4 $2 ({White should play} 41. Qf1 $1 $16) 41... Qb1+ $1 $11 42.
Kh2 {And now b5 would win.} Qe1 $1 43. Qd3 {next b5 is good for White.} Qf2 44.
f5 Qf4+ 45. Kh1 Ra7 ({Much worse is} 45... Qxf5 $6 46. Qxf5 gxf5 47. b5 cxb5
48. cxb5 $16) (45... Qf2 $11) 46. Ra8 Rxa8 47. Rxa8 Kg7 {[#]} 48. b5 $1 cxb5
49. cxb5 Qf2 50. Ra7+ Rf7 {The position is equal.} 51. Ra3 Re7 (51... Qe1+ $5
52. Kh2 $8 Qb4 53. fxg6 hxg6 $11) 52. Qd8 Rd7 53. Qxe8 Rd1+ $1 ({But not} 53...
Qxf5 $2 54. Rxe3 Rd4 55. Re7+ Kh6 56. Qf8+ Kg5 57. Rxh7 $18) 54. Bxd1 Qf1+ 55.
Kh2 {Intending Ra7+ and mate.} Qf4+ 1/2-1/2

[Event "Aeroflot Open 2017"]
[Site "Moscow"]
[Date "2017.02.23"]
[Round "3"]
[White "Kuzubov, Yuriy"]
[Black "Petrosyan, Manuel"]
[Result "1-0"]
[WhiteElo "2643"]
[BlackElo "2549"]
[Annotator "TA"]
[PlyCount "123"]
[EventDate "2017.??.??"]

1. Nf3 Nf6 2. c4 e6 3. g3 d5 4. d4 Bb4+ 5. Bd2 Be7 6. Bg2 O-O 7. O-O c6 8. Bg5
Nbd7 9. Nbd2 b6 {LiveBook: 7 Games} 10. Rc1 Bb7 11. Qa4 h6 {The position is
equal.} 12. cxd5 exd5 (12... hxg5 $6 13. dxc6 Bxc6 14. Rxc6 $16 (14. Qxc6 Rc8
15. Qb5 g4 $16)) 13. Bxf6 Bxf6 (13... gxf6 $2 14. Nh4 $18) 14. e4 Re8 15. e5
Be7 16. Rfd1 Nf8 17. Nf1 (17. Rxc6 $2 Qd7 18. e6 fxe6 $19) 17... Ne6 18. Ne3 a5
19. Nf5 (19. Rxc6 $2 Qd7 20. Rdc1 Rac8 21. Rxc8 Qxa4 $19) 19... Bf8 20. Bf1 (
20. Rxc6 $2 Qd7 21. Rb1 Bxc6 $19) 20... b5 21. Qb3 g6 (21... Qb6 $11) 22. Ne3
$14 h5 23. Bh3 Qb6 ({Better is} 23... Qe7 $14) 24. Bxe6 $16 Rxe6 25. Ng5 Ree8
26. Qc2 Be7 27. Ne6 Rac8 28. Nc5 Bxc5 29. Qxc5 ({Much weaker is} 29. dxc5 $6
Qc7 $11) 29... Qxc5 30. Rxc5 f6 {[#]} 31. f4 $1 Kf7 32. Kf2 Ke6 33. Ng2 g5 {[#]
} 34. Re1 $1 Kf5 35. Kf3 fxe5 (35... Ra8 $16 {might work better.} 36. Ne3+ Ke6
37. f5+ Kd7) 36. dxe5 $18 ({But not} 36. fxe5 $6 Ke6 $14) ({Don't do} 36. Rxe5+
$6 Rxe5 37. fxe5 Rf8 $14) 36... gxf4 (36... Rg8 $142 37. Ne3+ Ke6) 37. gxf4 Rg8
38. Nh4+ Ke6 39. f5+ Kd7 {intending ...Rg4.} 40. Ng6 Rg7 41. Kf4 Kc7 42. Kg5
Kb6 43. Rcc1 Rcg8 44. e6 c5 45. e7 Bc6 46. Re6 c4 47. Kh6 Kc5 {[#]} 48. Rxc6+
$1 Kxc6 {[#]} 49. e8=Q+ $1 Rxe8 50. Kxg7 {Endgame KRN-KR} d4 51. f6 d3 52. f7
Rd8 53. Nf4 Kd6 54. Rd1 Ke5 {[#]} 55. Nxd3+ $1 cxd3 {[#]} 56. Rxd3 $1 Rxd3 57.
f8=Q {KQ-KR} Rd2 58. Qc5+ Ke4 59. Kf6 h4 60. Qxb5 Rf2+ 61. Kg5 Rxh2 62. Qf5+
1-0

[Event "Aeroflot Open 2017"]
[Site "Moscow"]
[Date "2017.02.23"]
[Round "3"]
[White "Khismatullin, Denis"]
[Black "Kotronias, Vasilios"]
[Result "1-0"]
[WhiteElo "2639"]
[BlackElo "2524"]
[Annotator "TA"]
[PlyCount "85"]
[EventDate "2017.??.??"]

1. d4 Nf6 2. c4 g6 3. Nf3 Bg7 4. g3 O-O 5. Bg2 d6 6. Nc3 Nbd7 7. O-O e5 8. e4
c6 9. h3 Qb6 10. c5 dxc5 11. dxe5 Ne8 12. Na4 Qa6 {LiveBook: 25 Games} 13. Be3
b6 14. e6 fxe6 {The position is equal.} 15. Re1 Qb7 16. e5 Nc7 ({Much weaker is
} 16... Nxe5 $6 17. Nxe5 Bxe5 18. Bxc5 bxc5 19. Rxe5 $16) 17. Qd2 Nd5 18. Bh6
Rxf3 19. Bxg7 Rf5 20. g4 $1 Rf7 21. Bh6 {White has compensation.} Qc7 (21... b5
$5 22. Nc3 $8 Qb6 $14) 22. f4 (22. Nc3 $16) 22... Ba6 (22... c4 $1 $11 {
remains equal.}) 23. Rad1 c4 {[#]} 24. Kh1 ({White should try} 24. f5 $1 $16
Nxe5 25. Qd4) 24... Kh8 25. Nc3 Nc5 26. f5 gxf5 27. gxf5 Rxf5 28. Rg1 Nd3 {
aiming for ...Nf2+.} 29. Rdf1 {Threatens to win with Rxf5.} Qf7 $2 (29... Ne7
$1 $11 {and Black has nothing to worry.}) 30. Ne4 $18 {Nd6 is the strong
threat.} Ne7 $2 (30... Rxf1 {is a better chance.} 31. Rxf1 c3 32. bxc3 Qh5) 31.
Bg5 Rxf1 32. Rxf1 Nf5 33. Bf6+ Kg8 34. Rg1 Kf8 35. Ng5 Qd7 36. Be4 h6 (36... c3
$142 37. bxc3 Nxe5) 37. Nf3 {And now Bxf5 would win.} Qh7 38. Qe2 (38. Bxc6 Rc8
39. Be4 Bb7 $14) 38... Kf7 $2 {[#]} (38... c3 39. bxc3 Nc5 40. Bxf5 exf5) 39.
Nh4 ({Inferior is} 39. Bxc6 Rg8 40. Nh4 Rxg1+ 41. Kxg1 Nxh4 42. Bxh4 Qg7+ 43.
Kh2 Qxe5+ 44. Qxe5 Nxe5 $17) (39. Nd4 $142 $1 {Qh5+ would kill now.} Nf4 (39...
Nxd4 40. Qh5+) 40. Qd2) 39... Rg8 (39... Ng3+ $18 40. Rxg3 Qxe4+ 41. Qxe4 Nf2+
42. Kg2 Nxe4) 40. Qh5+ {White mates.} Kf8 41. Nxf5 Rxg1+ 42. Kxg1 exf5 43. Bxc6
1-0

[Event "Aeroflot Open 2017"]
[Site "Moscow"]
[Date "2017.02.23"]
[Round "3"]
[White "Bluebaum, Matthias"]
[Black "Yu, Yangyi"]
[Result "1/2-1/2"]
[WhiteElo "2632"]
[BlackElo "2738"]
[Annotator "TA"]
[PlyCount "44"]
[EventDate "2017.??.??"]

1. d4 Nf6 2. c4 e6 3. g3 d5 4. Bg2 Bb4+ 5. Nd2 O-O 6. Ngf3 b6 7. O-O Bb7 8. Ne5
Nbd7 9. Qa4 Bd6 {LiveBook: 6 Games} 10. Nxd7 Qxd7 11. Qxd7 Nxd7 12. cxd5 Bxd5
13. e4 Bb7 14. Rd1 Be7 15. Nc4 Nf6 16. f3 c5 17. dxc5 Bxc5+ {The position is
equal.} 18. Be3 Bxe3+ 19. Nxe3 Rfd8 20. Rxd8+ Rxd8 21. Rd1 Rxd1+ 22. Nxd1 e5
1/2-1/2

[Event "Aeroflot Open 2017"]
[Site "Moscow"]
[Date "2017.02.23"]
[Round "3"]
[White "Oparin, Grigoriy"]
[Black "Esipenko, Andrey"]
[Result "1/2-1/2"]
[WhiteElo "2625"]
[BlackElo "2502"]
[Annotator "TA"]
[PlyCount "151"]
[EventDate "2017.??.??"]

1. e4 e5 2. Nc3 Nf6 3. g3 d5 4. exd5 Nxd5 5. Bg2 Nxc3 6. bxc3 Bc5 7. Nf3 Nc6 8.
O-O O-O 9. Re1 Bg4 10. h3 Bh5 11. d3 {LiveBook: 3 Games} f5 {Strongly
threatening ...e4!} 12. Qd2 {[#]} (12. Bg5 $11 {remains equal.} Qd6 {[#]} 13.
d4 $1) 12... e4 $1 $17 13. Nh2 {Black is slightly better.} (13. dxe4 fxe4)
13... Ne5 (13... Qe8 $17) 14. d4 Nc4 15. Qg5 Qxg5 16. Bxg5 Bd6 17. Rab1 Rab8
18. g4 Bg6 19. Nf1 $1 Na3 20. Rb2 Nc4 21. Rbb1 $1 Rbe8 $36 {Black has the
initiative.} 22. gxf5 Rxf5 23. Ne3 Rxg5 24. Nxc4 Bf4 25. h4 ({Better is} 25. a4
$15) 25... Rg4 26. Ne3 Bxe3 $1 ({Don't play} 26... Rxh4 $6 27. Rxb7 Bh2+ 28.
Kf1 $15) 27. Rxe3 b6 28. a4 Rxh4 29. a5 Rf4 30. axb6 axb6 31. Ra1 Ref8 32. Ra7
R8f7 33. Ra8+ Rf8 34. Ra7 c5 35. Re2 Rd8 36. Rb7 cxd4 37. cxd4 Rxd4 38. Rxb6
Bf5 39. Rb1 h5 40. c3 Rd3 (40... Rd6 $19 41. c4 Kh7) 41. Rbe1 Rxc3 {...Rc4 is
the strong threat.} 42. Bxe4 Rc5 43. Bg2 Kf7 44. Re5 Rc2 45. R1e2 Rxe2 46. Rxe2
{Endgame KRB-KRB} Kf6 47. Ra2 Rb4 48. Ra5 g6 49. Kh2 Kg5 50. Bc6 Kf6 $2 (50...
Kf4 $17 {Hoping for ...Rc4.} 51. Ra6 h4) 51. Ra6 (51. Bg2 $1 $11) 51... Kg7 52.
Ra5 Kh6 53. Bf3 h4 54. Bc6 Rd4 55. Ra4 Rxa4 56. Bxa4 $19 {KB-KB} Kg5 57. Kg1
Kf4 58. Bc6 g5 59. Bb7 Be4 60. Bc8 Kf3 61. Bd7 Ke2 62. Bg4+ Bf3 63. Bd7 Kd3 64.
Bb5+ Ke4 65. Bc6+ Kf4 66. Bd7 Bg4 67. Bc6 Bf5 68. Bb7 $1 Be4 69. Bc8 $1 Kf3 70.
Bd7 $1 g4 71. Bc8 h3 72. Bd7 Bg6 73. Bc8 Bh5 $2 (73... Bf7 $19 {White must now
prevent ...Bg8.} 74. Bb7+ Kf4) 74. Bd7 $2 (74. Bb7+ $11 {and White is okay.}
Ke2 75. Ba6+ Kd2 76. Bb7) 74... h2+ $2 (74... Bf7 $19 {aiming for ...Kf4.} 75.
Bc6+ Kf4) 75. Kxh2 $11 Kxf2 {[#] ( -> ...g3+)} 76. Bxg4 $1 1/2-1/2

[Event "Aeroflot Open 2017"]
[Site "Moscow"]
[Date "2017.02.23"]
[Round "3"]
[White "Jumabayev, Rinat"]
[Black "Morovic Fernandez, Ivan"]
[Result "1-0"]
[WhiteElo "2611"]
[BlackElo "2550"]
[Annotator "TA"]
[PlyCount "122"]
[EventDate "2017.??.??"]

1. e4 e5 2. Nf3 Nc6 3. Bc4 Bc5 4. O-O Nf6 5. d3 O-O 6. c3 d6 7. Re1 a6 8. a4 h6
9. h3 Re8 10. Nbd2 Ba7 11. b4 Be6 12. Bxe6 Rxe6 13. Qc2 d5 14. Nb3 {LiveBook:
4 Games} dxe4 15. dxe4 Nh5 16. Kh2 {White is slightly better.} Nf4 17. b5 Qd3
18. Ra2 {Threatens to win with Bxf4.} Ne7 ({Reject} 18... axb5 $6 19. axb5 Qxc2
20. Rxc2 $16) 19. Rd1 Qxc2 20. Rxc2 Rd6 21. Rdd2 Neg6 {[#]} ({Black should play
} 21... Rxd2 $11 22. Rxd2 Neg6) 22. Nxe5 $1 $14 Rxd2 (22... Nxe5 23. Rxd6) 23.
Bxd2 axb5 24. axb5 {Hoping for Nxg6.} Nxe5 25. Bxf4 Re8 (25... Nd3 $16) 26. c4
$18 c6 (26... g5 $16) 27. Ra2 $1 Bb8 28. Ra8 f6 {[#]} 29. g3 $1 Kf7 30. Kg2
cxb5 31. cxb5 b6 32. Nd4 Bd6 (32... g5 $142) 33. Rxe8 Kxe8 {Endgame KBN-KBN}
34. Nf5 Bf8 35. Bxe5 $1 fxe5 {KB-KN} 36. Ne3 Bc5 $2 (36... Bd6 37. Nc4 Bc7) 37.
Nc4 Bd4 38. f4 exf4 39. gxf4 Ke7 40. Kf3 g6 41. e5 Ke6 42. Ke4 Bc5 43. Nd2 h5
44. Nf3 Bf2 45. Nd4+ (45. Ng5+ $142 Ke7 46. f5 gxf5+ 47. Kxf5 h4 48. Ne4 Be3
49. Nf6 Bd4 50. Nd5+ Kf7 51. e6+ Kf8 52. Kg5) 45... Kf7 46. Kd5 Be3 47. Ke4 $2
(47. Ne6 $18 Ke7 {[#]} 48. f5 $1 gxf5 49. Ng7) 47... Bd2 $2 (47... Bf2 $11 48.
f5 Bh4 49. e6+ Kf6 50. fxg6 Bf2) 48. Nc2 Ke6 49. Ne3 Be1 50. f5+ gxf5+ 51. Nxf5
h4 52. Nd4+ Kd7 53. Kd5 Bf2 54. Nf5 Be1 55. e6+ Kc7 56. Nd6 Kd8 57. Nc4 Bf2 58.
Ne5 Ke7 59. Nc6+ Ke8 60. Nd4 Ke7 61. Nf5+ Kd8 1-0

[Event "Aeroflot Open 2017"]
[Site "Moscow"]
[Date "2017.02.23"]
[Round "3"]
[White "Bosiocic, Marin"]
[Black "Xu, Yi"]
[Result "1-0"]
[WhiteElo "2602"]
[BlackElo "2444"]
[Annotator "TA"]
[PlyCount "129"]
[EventDate "2017.??.??"]

1. e4 e5 2. Nf3 Nc6 3. Bb5 a6 4. Ba4 Nf6 5. d3 b5 6. Bb3 Be7 7. g4 {LiveBook:
5 Games} d6 8. g5 Nd7 9. Bd5 {The position is equal.} Bb7 10. Be3 Qc8 11. h4
Na5 12. Bxb7 Nxb7 13. Nc3 c6 14. d4 Qc7 15. h5 Rf8 16. a4 {And now axb5 would
win.} b4 17. Ne2 c5 18. c3 a5 19. Rc1 Nb6 20. b3 O-O-O 21. d5 Qd7 22. Qd3 {
cxb4 is the strong threat.} Kb8 23. Ng3 g6 24. Qa6 Kc7 25. Bd2 Ra8 26. Qf1 Kb8
27. Be3 f5 {White must now prevent ...f4.} 28. gxf6 $1 Bxf6 29. hxg6 hxg6 30.
Qh3 Rh8 31. Qxd7 Rxh1+ 32. Nxh1 Nxd7 {[#]} 33. Nd2 $1 Kc7 34. Ke2 Rg8 35. Ng3
Nb6 36. Kd3 Kd7 37. Nc4 Nxc4 38. Kxc4 Rh8 39. Rh1 Rxh1 40. Nxh1 bxc3 (40... Bh4
$16 {might work better.}) 41. Kxc3 $16 {Endgame KBN-KBN} Kc7 42. Ng3 Nd8 43.
Nf1 Nf7 44. Nd2 Bd8 45. Nc4 Kb7 46. Kd3 Bc7 47. Ke2 Ka6 48. Kf3 Kb7 49. Kg4 Bd8
50. Bd2 Ka6 51. Kh3 Bc7 52. Kh4 Bd8+ 53. Kg4 Bc7 54. Bg5 Kb7 ({Don't capture} 
54... Nxg5 $2 55. Kxg5 Kb7 56. Kf6 $18) 55. Be7 Kc8 56. Kh4 Kb7 57. Kg3 Kc8 58.
Kf3 Kb7 {[#]} 59. Ke2 $1 Kc8 60. Kd3 Kb7 61. Nd2 Nh6 62. Nf3 Ng4 63. Ke2 c4 (
63... Kc8 $142 64. Nh4 Bd8) 64. bxc4 $18 Kb6 65. Ng5 1-0

[Event "Aeroflot Open 2017"]
[Site "Moscow"]
[Date "2017.02.23"]
[Round "3"]
[White "Kulaots, Kaido"]
[Black "Abdusattorov, Nodirbek"]
[Result "1-0"]
[WhiteElo "2590"]
[BlackElo "2429"]
[Annotator "TA"]
[PlyCount "121"]
[EventDate "2017.??.??"]

1. d4 Nf6 2. c4 e6 3. Nf3 d5 4. g3 Bb4+ 5. Bd2 Be7 6. Bg2 O-O 7. O-O c6 8. Qc2
b6 9. Rd1 Nbd7 10. b3 Ba6 11. a4 Ne4 12. Be1 f5 13. Na3 {LiveBook: 3 Games} Bb7
14. b4 c5 15. bxc5 {The position is equal.} bxc5 16. Rab1 Qc8 17. Rdc1 cxd4 18.
Qa2 Bc5 19. Nb5 dxc4 20. Qxc4 Bd5 21. Qd3 e5 {And now ...Qc6 would win.} 22. e3
Ba2 {Hoping for ...dxe3.} 23. exd4 exd4 24. Rb2 ({Much weaker is} 24. Nfxd4 $6
Bxb1 25. Qxb1 Kh8 $14) 24... Bf7 25. Nbxd4 g6 {[#]} 26. Rbc2 (26. Nd2 $142 $1)
26... Qd8 (26... Qb7 $16) 27. Nc6 $18 Qe8 {[#]} 28. Nd2 $1 Ndf6 29. Nxe4 Nxe4
$2 (29... fxe4 30. Qd2 Bb6) 30. Rxc5 Nxc5 31. Qd6 Nb3 32. Ne7+ Qxe7 33. Qxe7
Nxc1 34. Bxa8 Rxa8 35. Bd2 Re8 36. Qf6 {White threatens Bh6 and mate.} Re6 37.
Qd8+ Re8 38. Qc7 Ne2+ 39. Kf1 Nd4 40. Qc3 ({Weaker is} 40. Qxa7 Bc4+ 41. Kg1
Nf3+ 42. Kg2 Nxd2 $16) 40... Ne6 41. Qf6 Rc8 42. Bc3 Kf8 43. Qh8+ Bg8 44. Bb4+
Kf7 45. Qe5 Rc7 46. h4 Rb7 47. Bc3 Kf8 {[#]} 48. h5 $1 {White is clearly
winning.} Bf7 (48... gxh5 49. Qxf5+) 49. a5 Ke7 50. a6 Rb6 51. Qf6+ Kf8 52.
Qh8+ Bg8 53. Qe5 Bf7 54. h6 Ke7 55. Kg1 Kf8 56. Qd5 Be8 {[#]} 57. Qb7 $3 Bc6 (
57... Rxb7 58. axb7) 58. Bb4+ Kg8 59. Qe7 Ba4 60. Kh2 g5 61. Bd6 1-0

[Event "Aeroflot Open 2017"]
[Site "Moscow"]
[Date "2017.02.23"]
[Round "3"]
[White "Lalith Babu M R"]
[Black "Vitiugov, Nikita"]
[Result "0-1"]
[WhiteElo "2584"]
[BlackElo "2724"]
[Annotator "TA"]
[PlyCount "100"]
[EventDate "2017.??.??"]

1. d4 d5 2. Nf3 Nf6 3. c4 c6 4. Nc3 e6 5. g3 Nbd7 6. Bg2 dxc4 7. a4 Be7 8. O-O
O-O 9. e4 b6 10. Qe2 Ba6 11. Bf4 Re8 12. Rfd1 {LiveBook: 4 Games} Rc8 13. Nd2
Bb4 14. Nxc4 {The position is equal.} Bxc3 15. bxc3 c5 {[#] aiming for ...cxd4.
} 16. e5 (16. Rac1 $1 $11) 16... Nd5 $17 17. Rdc1 Nxf4 18. gxf4 Qh4 {And now ..
.Red8 would win.} 19. a5 bxa5 20. Rxa5 Bxc4 $1 ({Much less strong is} 20...
Qxf4 21. Qd2 Qxd2 22. Nxd2 $11) 21. Qxc4 Qxf4 22. Rd1 {[#]} (22. Re1 $17) 22...
Nxe5 $1 $19 23. Qe2 (23. dxe5 Qxc4) 23... Ng6 24. Rxc5 Rxc5 25. dxc5 Qg5 26. c6
Nf4 27. Qf3 (27. Qe4 $17 {keeps fighting.} f5 28. h4 Qxh4 29. Qf3) 27... Nxg2
28. Qxg2 Qxg2+ 29. Kxg2 {Endgame KR-KR} Kf8 30. c7 Ke7 31. Ra1 Rc8 32. Rxa7 Kd7
33. Kf3 (33. c4 $17) 33... Rxc7 34. Ra3 Rc4 35. Rb3 Ke7 36. Kg2 h5 37. f3 $2 (
37. Rb7+ {was called for.} Kf6 38. Rb3) 37... g5 38. h3 (38. Kf1 $142 f5 39.
Kg2) 38... Kf6 39. Kf2 Kg6 40. Ra3 (40. Rb4 {was necessary.} Rxc3 41. Kg2)
40... f6 41. Rb3 Kf5 42. Ra3 e5 43. Rb3 g4 44. hxg4+ hxg4 45. fxg4+ Rxg4 46.
Ke2 Rg3 47. Kd2 Kf4 48. Rb8 Rg2+ {Black mates.} 49. Kd1 e4 50. c4 e3 (50... f5
$142 51. Rb5 e3 52. c5 Ke4 53. Rb7 Kf3 54. Rb3 Rg1+ 55. Kc2 Kf2 56. Rd3 e2 57.
Rd2 Kf3 58. Rd3+ Kf4 59. Rd4+ Kg5 60. Rd8 e1=Q 61. Rg8+ Kf4 62. Rxg1 Qxg1 63.
c6 Qg2+ 64. Kc3 Qxc6+ 65. Kb3 Ke4 66. Kb4 Kd3 67. Kb3 Qb5+ 68. Ka3 Kc2 69. Ka2
Qb2#) 0-1